Malaysia's best restaurants 2002

Bibliographic Details
Format: Book
Language:English
Published: Malaysia : Illustrated Magazine Publishing Sdn Bhd , 2002
Subjects:

MARC

LEADER 00000cam a2200000 7i4500
001 0000014063
005 20230704.0
008 040108 my eng
040 |a INS 
090 0 0 |a TX907.3   |b .M29 2002 
245 1 0 |a Malaysia's best restaurants 2002   |c compiled by the editors of Malaysia tatler 
260 |a Malaysia :   |b Illustrated Magazine Publishing Sdn Bhd ,   |c 2002 
300 |a 200 p. :   |b ill. ;   |c 21 cm. 
650 0 |a Restaurants   |x Malaysia   |y Guidebooks 
720 2 |a The editors of Malaysia tatler 
999 |a 0000013964   |b BOOK   |c Open Shelf   |e Default branch